[Event "Hillerod CC-ch Grp 2"]
[Site "Hillerod"]
[Date "2019.12.10"]
[Round "1"]
[White "Eliasen, Rune"]
[Black "Rahbek, Lars"]
[Result "1/2-1/2"]
[WhiteElo "1687"]
[BlackElo "1577"]
[PlyCount "47"]
[EventDate "2019.12.10"]
[EventType "swiss"]
[EventRounds "7"]
[EventCountry "DEN"]
[SourceTitle "EXT 2024"]
[Source "ChessBase"]
[SourceDate "2023.10.10"]
[SourceVersion "1"]
[SourceVersionDate "2023.10.10"]
[SourceQuality "1"]

1. e4 c5 2. c3 d5 3. exd5 Qxd5 4. d4 Nc6 5. Nf3 Bg4 6. dxc5 Qxd1+ 7. Kxd1 Ne5 8. Bb5+ Nc6 9. Nbd2 0-0-0 10. Be2 e5 11. b4 f6 12. h3 Bh5 13. g4 Bg6 14. Nh4 Bf7 15. Kc2 Nge7 16. Ne4 Nd5 17. Kb2 g6 18. Bc4 Nxc3 19. Nd6+ Bxd6 20. Bxf7 Bxc5 21. bxc5 Nd1+ 22. Kb1 Nxf2 23. Rh2 Ne4 24. Bb3 1/2-1/2